000 00685nam a22002057a 4500
005 20100806114413.0
010 _aENG-98494
020 _a9788190702928
_c45.00
035 _aEN-82027
037 _bDBAD/PUB
082 _a530
100 _aKishoreKumar, J.
_99590
245 _aGeneral physics /
_cby J. Kishorekumar
250 _a1st edition
260 _aCoimbatore
_bWBC [Wisdom Based Computing] Publishers
_c2008
270 _aC5, Staff Quarters Bharathiar University
_bCoimbatore
_e604046
300 _a144p.
_c20cm (pbk)
942 _2ddc
_cEN
_h530
_mKIS
999 _c39657
_d39657